000 00834cab a2200241 4500
001 WB3107-53
008 090401t1995 xxu||||| |||| 00| 0 eng d
035 _a(Sirsi) u3533
041 _aeng
245 _aTax ruling benefits non-nationals
260 _c1995
350 _a0
490 _aFinancial Times
_v16 February 1995, 2(1)
520 _aThe European Court has ruled that member states must not discriminate against non-nationals, who live in one state and work in another. Under Article 48 of the Treaty of Rome a member state must not treat a national of another member state less favourably than its own nationals.
650 _aEU LAW
650 _aGERMANY
650 _aNON-RESIDENTS
650 _aTREATY OF ROME
690 _aEUROPE-SINGLE MARKET
690 _aTAXATION
942 _n0
948 _c04/03/1997
999 _c2175
_d2175